000 00720nam a2200289Ia 4500
005 20260324144037.0
008 008 260324s9999 xx 000 0 eng d
020 _a9781315645407
037 _aEBOOK
040 _aCRL
040 _beng
040 _cCRL
041 _2eng
041 _aeng
084 _qCRL
100 _aRosemarie Said Zahlan
_91176058
245 4 _aThe Making of the Modern Gulf States
245 0 _bKuwait, Bahrain, Qatar, the United Arab Emirates and Oman
260 _bTaylor and Francis
260 _c1989
365 _a
365 _b230
856 _uhttp://www.taylorfrancis.com/books/9781315645407
942 _cEBOOK
999 _c1824004
_d1824004